<?xml version="1.0" encoding="UTF-8"?>
<marc:record xmlns:marc="http://www.loc.gov/MARC21/slim">
   <marc:leader>00000nam a2200000 a 4500</marc:leader>
   <marc:datafield ind1=" " ind2=" " tag="653">
      <marc:subfield code="a">Familie</marc:subfield>
   </marc:datafield>
   <marc:datafield ind1=" " ind2=" " tag="653">
      <marc:subfield code="a">Familienbild</marc:subfield>
   </marc:datafield>
   <marc:datafield ind1=" " ind2=" " tag="653">
      <marc:subfield code="a">Heilpädagogin</marc:subfield>
   </marc:datafield>
   <marc:datafield ind1=" " ind2=" " tag="653">
      <marc:subfield code="a">Sonderpädagogin</marc:subfield>
   </marc:datafield>
   <marc:datafield ind1=" " ind2=" " tag="653">
      <marc:subfield code="a">Sonderpädagogik, Begriff</marc:subfield>
   </marc:datafield>
   <marc:datafield ind1="0" ind2="0" tag="245">
      <marc:subfield code="a">Heilpädagogik; 2002/Heft 5/2002</marc:subfield>
   </marc:datafield>
   <marc:datafield ind1="0" ind2="0" tag="245">
      <marc:subfield code="b">Fachzeitschrift der Heilpädagogischen Gesellschaft Österreich</marc:subfield>
   </marc:datafield>
   <marc:datafield ind1=" " ind2="1" tag="264">
      <marc:subfield code="b">Verlag Kaiser</marc:subfield>
      <marc:subfield code="c">2002</marc:subfield>
   </marc:datafield>
   <marc:datafield ind1="1" ind2=" " tag="520">
      <marc:subfield code="a">Wir rüsten zum Heilpädagogischen Kongress 2004 in Waidhofen/Ybbs.
Einige Anmerkungen zum Begriff einer Allgemeinen Sonderpädagogik.
Die Veränderung innerfamiliärer Beziehungen durch innere Reflexionsprozesse, ausgelöst durch ein standardisiertes Messinstrument.
Zum Berufsbild und zur beruflichen Identität von akademischen Sonder- und HeilpädagogInnen.
Die Erziehungspraktiken in Familien mit erst- und zweitgeborenen Kindern im Vergleich.</marc:subfield>
   </marc:datafield>
</marc:record>
